Import tovaru v podmienkach Slovenskej republiky v období pandémie Covid-19

V článku sa autori zameriavajú na vývoj importu Slovenskej republiky, pričom porovnávajú obdobie pred pandémiou Covid-19 (do roku 2019 vrátane) s obdobím počas pandémie (od roku 2020 vrátane). Hodnotia vývoj importu ako celku, ako aj po vybraných sekciách na základe Štatistickej klasifikácie ekonomi...

Descripción completa

Guardado en:
Detalles Bibliográficos
Autor principal: Hudák, Matej, 1984-
Otros Autores: Vajdová, Jana, 1983-
Formato: Capítulo de libro
Lenguaje:eslovaco
Materias:
Etiquetas: Agregar Etiqueta
Sin Etiquetas, Sea el primero en etiquetar este registro!

MARC

LEADER 00000naa a2200000 4500
001 0290278
005 20240502074446.3
041 0 |a slo 
044 |a SK 
245 1 0 |a Import tovaru v podmienkach Slovenskej republiky v období pandémie Covid-19  |c Matej Hudák, Jana Vajdová 
520 |a V článku sa autori zameriavajú na vývoj importu Slovenskej republiky, pričom porovnávajú obdobie pred pandémiou Covid-19 (do roku 2019 vrátane) s obdobím počas pandémie (od roku 2020 vrátane). Hodnotia vývoj importu ako celku, ako aj po vybraných sekciách na základe Štatistickej klasifikácie ekonomických činností SK NACE Rev. 2. Hodnotenie importu po sekciách vykonávajú zvlášť pre import v rámci EÚ a zvlášť pre import mimo EÚ. Zdrojom údajov sú databázy Eurostat-u International trade in goods. 
610 2 0 |a dovoz 
610 2 0 |a obchod zahraničný 
610 2 0 |a pandémia 
610 2 0 |a koronavírus 
610 2 0 |a údaje štatistické 
610 2 0 |a Slovensko 
610 2 0 |a Európska únia 
100 1 |a Hudák, Matej, 1984- 
700 1 |a Vajdová, Jana, 1983-